पहिल्या भारतीय महिला शास्त्रज्ञ डॉ कमला सोहोनी (Record no. 370066)

MARC details
000 -LEADER
fixed length control field 01350 a2200145 4500
003 - CONTROL NUMBER IDENTIFIER
control field OSt
005 - DATE AND TIME OF LATEST TRANSACTION
control field 20260206144403.0
008 - FIXED-LENGTH DATA ELEMENTS--GENERAL INFORMATION
fixed length control field 260206b |||||||| |||| 00| 0 eng d
100 ## - MAIN ENTRY--PERSONAL NAME
Personal name हरम नं.
9 (RLIN) 216660
245 ## - TITLE STATEMENT
Title पहिल्या भारतीय महिला शास्त्रज्ञ डॉ कमला सोहोनी
260 ## - PUBLICATION, DISTRIBUTION, ETC. (IMPRINT)
Name of publisher, distributor, etc. भारतीय विचार साधना प्रकाशन
Date of publication, distribution, etc. 2017
Place of publication, distribution, etc. पुणे
300 ## - PHYSICAL DESCRIPTION
Extent 82pp.
520 ## - SUMMARY, ETC.
Summary, etc. हे मोठ्या आवाजात ऐका<br/>कमला सोहोनी (18 जून 1911 - 28 जून 1998) एक भारतीय बायोकेमिस्ट होत्या ज्या 1939 मध्ये वैज्ञानिक विषयात पीएचडी मिळवणाऱ्या पहिल्या भारतीय महिला ठरल्या. तिने भारतीय विज्ञान संस्था , बेंगळुरू येथे स्वीकारल्या आणि काम केल्यामुळे, संस्थेच्या इतिहासात प्रथमच महिलांना संस्थेमध्ये स्वीकारण्याचा मार्ग मोकळा झाला.
942 ## - ADDED ENTRY ELEMENTS (KOHA)
Koha item type Books
Source of classification or shelving scheme Dewey Decimal Classification
Holdings
Withdrawn status Lost status Source of classification or shelving scheme Damaged status Not for loan Collection code Home library Current library Date acquired Vendor Cost, normal purchase price Total Checkouts Barcode Date last seen Cost, replacement price Bill Date Koha item type Original Barcode
    Dewey Decimal Classification     MCA MKSSS s K.B. Joshi Institute of Information Technology Library MKSSS s K.B. Joshi Institute of Information Technology Library 31/01/2026 188 84.00   KBJP-BK-2939 31/01/2026 120.00 31/01/2026 Books 2939